000 00819nam a2200265 i 4500
003 DO-SdBNP
005 20250605112159.0
007 ta
008 250605b2024 dr ||||| |||| 00| 0 spa d
020 _a9789945100747
040 _aDO-SdBNP
_bspa
_cBNPHU
_erda
082 4 _222
_axxx
_bA174v
100 _aAcevedo, Andrés,
_eautor
_4aut.
_920084
245 1 0 _aVersos menores para adolescentes /
_cAndrés Acevedo
250 _aPrimera edición
264 1 _aSanto Domingo :
_bEditora Amigos hogar,
_c2024.
300 _a57 páginas ;
_c22 cm.
336 _atexto
_btxt
_2rdacontent
337 _asin mediación
_bn
_2rdamedia
338 _avolumen
_bnc
_2rdacarrier
500 _aIncluye datos biográficos del autor en la contracubierta
590 _aInventariado, 2025/BT
910 _aBtavárez
942 _2ddc
_cLBS1
999 _c58752
_d58752